| 000 | 00605nam a2200205Ia 4500 | ||
|---|---|---|---|
| 001 | 4962 | ||
| 003 | GE_BSU | ||
| 008 | 181216s||||||||xx |||||||||||||| ||und|| | ||
| 040 | _cGE_BSU | ||
| 080 | _a510 | ||
| 100 | _aБабинская, И.Л. | ||
| 245 | _aЗадачи математических олимпиад. | ||
| 245 | _cРедактор А.Ф. Лапко. Гл. ред. физ.-мат. лит-ры | ||
| 260 | _aМосква | ||
| 260 | _bНаука | ||
| 260 | _c1975 | ||
| 300 | _a109 с. 20 см. | ||
| 653 | _aЗадачи математических олимпиад. | ||
| 942 | _cBK | ||
| 999 |
_c38698 _d38698 |
||